Nghiên cứu các nhân tố ảnh hưởng đến ý định khởi sự doanh nghiệp của sinh viên trường Đại học Cần Thơ : Báo cáo tổng kết đề tài khoa học và công nghệ cấp Trường

Thực trạng về ý định khởi sự doanh nghiệp của sinh viên trường ĐHCT. Phân tích các nhân tố ảnh hưởng và một số giải pháp khuyến khích tinh thần khởi sự doanh nghiệp trong sinh viên ĐHCT

Đã lưu trong:
書目詳細資料
主要作者: Phan, Anh Tú
格式: 圖書
語言:Undetermined
出版: Cần Thơ Trường Đại học Cần Thơ 2015
主題:
標簽: 添加標簽
沒有標簽, 成為第一個標記此記錄!
Thư viện lưu trữ: Trung tâm Học liệu Trường Đại học Cần Thơ
LEADER 01222nam a2200229Ia 4500
001 CTU_210290
008 210402s9999 xx 000 0 und d
082 |a 650.1 
082 |b T500 
088 |a T2014-56 
100 |a Phan, Anh Tú 
245 0 |a Nghiên cứu các nhân tố ảnh hưởng đến ý định khởi sự doanh nghiệp của sinh viên trường Đại học Cần Thơ : 
245 0 |b Báo cáo tổng kết đề tài khoa học và công nghệ cấp Trường 
245 0 |c Phan Anh Tú (chủ nhiệm đề tài) 
260 |a Cần Thơ 
260 |b Trường Đại học Cần Thơ 
260 |c 2015 
520 |a Thực trạng về ý định khởi sự doanh nghiệp của sinh viên trường ĐHCT. Phân tích các nhân tố ảnh hưởng và một số giải pháp khuyến khích tinh thần khởi sự doanh nghiệp trong sinh viên ĐHCT 
650 |a Young entrepreneurs,Success in business,Doanh nghiệp trẻ,Thành công trong kinh doanh 
904 |i Nguyễn Duy Khang,Qhieu 
915 |a KT 
980 |a Trung tâm Học liệu Trường Đại học Cần Thơ